000 00567nam a2200181Ia 4500
005 20250423101329.0
008 250422s9999 xx 000 0 und d
020 _a9781538117606
050 _aP 90 .M56/
100 _aMindich, David T. Z.
245 4 _aThe mediated world: a new approach to mass communication and culture
260 _aNew York
260 _bRowman & Little Field
260 _c2020
300 _a479 p
650 _aMass media and culture. Communication and culture. Mass media--Social aspects. Communication--Social aspects.
942 _cBK
999 _c35989
_d35989